[Event "Nizhnij Novgorod-ch HL"]
[Site "Nizhnij Novgorod"]
[Date "2009.11.14"]
[Round "?"]
[White "Nagornov, Vladimir"]
[Black "Podshibikhin, Yuri"]
[Result "0-1"]
[WhiteElo "2200"]
[BlackElo "2038"]
[PlyCount "54"]
[EventDate "2009.11.14"]
[EventType "swiss"]
[EventRounds "9"]
[EventCountry "RUS"]
[SourceTitle "EXT 2022"]
[Source "ChessBase"]
[SourceDate "2021.10.06"]
[SourceVersion "1"]
[SourceVersionDate "2021.10.06"]
[SourceQuality "1"]

1. e4 c5 2. Nc3 Nc6 3. Nge2 e5 4. g3 d6 5. Bg2 Be6 6. 0-0 Qd7 7. d3 Nge7 8. Be3 Bh3 9. f4 h5 10. f5 Bxg2 11. Kxg2 f6 12. Qd2 0-0-0 13. h3 b6 14. g4 hxg4 15. hxg4 d5 16. exd5 Nxd5 17. Ne4 Nxe3+ 18. Qxe3 Nd4 19. Nxd4 exd4 20. Qf3 Bd6 21. Nxd6+ Qxd6 22. Qa8+ Kc7 23. Qxa7+ Kc6 24. Qa4+ Kb7 25. Rae1 Qh2+ 26. Kf3 Rh3+ 27. Ke4 Qe5# 0-1

[Event "Nizhnij Novgorod Region-ch"]
[Site "Nizhnij Novgorod"]
[Date "2007.10.??"]
[Round "?"]
[White "Belenov, Dmitry N"]
[Black "Nagornov, Vladimir"]
[Result "1-0"]
[WhiteElo "2371"]
[BlackElo "2199"]
[PlyCount "67"]
[EventDate "2007.10.??"]
[EventType "swiss"]
[EventRounds "9"]
[EventCountry "RUS"]
[SourceTitle "EXT 2009"]
[Source "ChessBase"]
[SourceDate "2008.11.26"]
[SourceVersion "1"]
[SourceVersionDate "2008.11.26"]
[SourceQuality "1"]

1. e4 e6 2. d4 d5 3. Nd2 Nc6 4. Ngf3 Nf6 5. e5 Nd7 6. Be2 f6 7. exf6 Nxf6 8. 0-0 Bd6 9. Re1 0-0 10. Bb5 a6 11. Bd3 Nb4 12. Bf1 c5 13. dxc5 Bxc5 14. Nb3 Bd6 15. c4 Nc6 16. Bg5 Kh8 17. Rc1 dxc4 18. Bxc4 e5 19. Bd3 Bg4 20. Be4 Qd7 21. Bxf6 gxf6 22. Qd2 Rac8 23. Qe3 Rfd8 24. Nbd2 Bb4 25. Red1 Bxf3 26. Qxf3 Bxd2 27. Rc2 f5 28. Rcxd2 Qxd2 29. Rxd2 Rxd2 30. g3 Nd4 31. Qh5 Rc1+ 32. Kg2 fxe4 33. Qxe5+ Kg8 34. Qg5+ 1-0

[Event "Nizhnij Novgorod Region-ch"]
[Site "Nizhnij Novgorod"]
[Date "2007.10.??"]
[Round "?"]
[White "Nagornov, Vladimir"]
[Black "Borkin, Alexey"]
[Result "1-0"]
[WhiteElo "2199"]
[BlackElo "1939"]
[PlyCount "81"]
[EventDate "2007.10.??"]
[EventType "swiss"]
[EventRounds "9"]
[EventCountry "RUS"]
[SourceTitle "EXT 2009"]
[Source "ChessBase"]
[SourceDate "2008.11.26"]
[SourceVersion "1"]
[SourceVersionDate "2008.11.26"]
[SourceQuality "1"]

1. c4 e5 2. Nc3 Nc6 3. g3 g6 4. Bg2 Bg7 5. Rb1 Nge7 6. b4 0-0 7. b5 Nd4 8. e3 Ne6 9. Nge2 c6 10. Ba3 d6 11. bxc6 bxc6 12. Nb5 cxb5 13. Bxa8 bxc4 14. Bg2 Re8 15. Qa4 d5 16. 0-0 a6 17. Rb8 Nc7 18. Nc3 d4 19. exd4 exd4 20. Ne4 Nf5 21. Qxc4 Nb5 22. Bb4 Be5 23. Ra8 Qd7 24. Rc1 Bb7 25. Rxe8+ Qxe8 26. d3 h5 27. Re1 Kg7 28. f4 Bb8 29. Nd6 Nbxd6 30. Rxe8 Nxc4 31. Rxb8 Bxg2 32. Kxg2 Nce3+ 33. Kf3 Nd5 34. Bf8+ Kf6 35. Ra8 Ke6 36. Rxa6+ Kd7 37. a4 Nfe7 38. Ra7+ Ke6 39. Rxe7+ Nxe7 40. Bxe7 Kxe7 41. Ke4 1-0